[Event "SVK ECo-C Extraliga 2018-19"]
[Site "Slovakia"]
[Date "2019.03.10"]
[Round "8.3"]
[White "Ftacnik, Lubomir"]
[Black "Motuz, Karol"]
[Result "1-0"]
[WhiteElo "2512"]
[BlackElo "2355"]
[Annotator "TA"]
[PlyCount "87"]
[EventDate "2018.11.10"]
[EventType "team-tourn"]
[EventCountry "SVK"]
[SourceTitle "playchess.com"]
[Source "ChessBase"]
[SourceQuality "1"]
[WhiteTeam "Slovan"]
[BlackTeam "Dubnica"]

{[%evp 13,87,0,0,-2,8,1,7,0,1,0,0,0,19,18,18,16,23,10,26,8,10,10,97,96,102,100,108,87,87,97,91,81,123,126,130,122,176,145,162,102,107,76,65,28,43,50,68,61,130,135,136,143,202,201,379,198,359,357,383,382,382,379,364,350,426,427,424,422,450,450,486,493,498,485,589,552]} 1. Nf3 d5 2. e3 Nf6 3. c4 e6 4. b3 Be7 5. Bb2 O-O 6. Nc3 c5 7. cxd5 Nxd5 8. Qb1 {A13: English Opening: 1...e6} (8. Be2 b6 9. Nxd5 exd5 10. d4 a5 11. dxc5 bxc5 12. O-O Be6 13. Bb5 Qb6 14. Qe2 Nc6 15. Rac1 Rac8 {0-1 (47) Nakamura,H (2746)-Caruana,F (2832) London 2018}) 8... Nc6 9. Bd3 h6 10. O-O {The position is equal.} b6 $146 ({Predecessor:} 10... Nf6 11. Bb5 Qb6 12. Rc1 Rd8 13. Bf1 a6 14. Ne4 Nxe4 15. Qxe4 Nb4 {1-0 (65) Erdos,V (2604)-Csonka,B (2456) Hungary 2019}) 11. Nxd5 exd5 12. Bb5 Bb7 13. d4 Qd6 14. Rd1 Rfd8 15. Bc3 Bf8 16. Qb2 Qe6 17. Rd2 c4 (17... Ne7 $11 {remains equal.}) 18. bxc4 $16 dxc4 {[#]} 19. Re1 $1 a6 {[#]} 20. d5 $1 {[%cal Rd5e6][%mdl 512]} Rxd5 21. Bxc4 {[%mdl 64] Discovered Attack} Rxd2 22. Nxd2 Qg6 23. Qxb6 Rb8 24. e4 Bd6 (24... Qg5 $16) 25. Nf3 Bc8 {[#]} 26. Qe3 ({White should play} 26. Bxf7+ $1 $18 {[%mdl 512]} Qxf7 27. Qxc6) 26... Be6 27. Qe2 a5 28. Rd1 Bb4 29. Ba1 Bf8 30. Bd5 Bxd5 ({Better is} 30... Bg4 $14) 31. exd5 Nb4 32. Ne5 $36 {[%mdl 2048] White has strong initiative.} Qf5 (32... Qa6 $16 {is a better defense.} 33. Qf3 Qb7) 33. g4 $18 Qf4 $2 (33... Qc8 {might work better.} 34. a3 Nc2) 34. a3 (34. d6 $142) 34... Re8 $2 (34... Bd6) 35. axb4 {Strongly threatening d6.} Bd6 {[%cal Rd6e5]} 36. Qf3 Bxe5 37. Qxf4 Bxf4 38. bxa5 {[%mdl 4096] Endgame KRB-KRB} Bd6 39. Bd4 {White is clearly winning.} Ra8 40. Bb6 Kf8 41. Re1 g6 42. Re4 Kg7 43. h4 h5 44. g5 {Accuracy: White = 72%, Black = 33%.} 1-0

[Event "SVK ECo-C Extraliga 2018-19"]
[Site "Slovakia"]
[Date "2019.03.10"]
[Round "8.3"]
[White "Druska, Juraj"]
[Black "Martinovic, Sasa"]
[Result "1-0"]
[WhiteElo "2443"]
[BlackElo "2558"]
[Annotator "TA"]
[PlyCount "109"]
[EventDate "2018.11.10"]
[EventType "team-tourn"]
[EventCountry "SVK"]
[SourceTitle "playchess.com"]
[Source "ChessBase"]
[SourceQuality "1"]
[WhiteTeam "Prakovce"]
[BlackTeam "Modra"]

{[%evp 9,109,25,16,10,7,7,18,29,20,3,14,0,23,0,-4,0,0,0,0,-33,-25,-39,-35,-46,-49,-70,-42,-85,-77,-92,0,0,18,9,16,18,498,484,539,145,127,134,115,122,187,126,248,242,228,205,294,272,445,440,457,459,452,453,431,439,433,420,472,472,448,192,181,177,213,157,268,264,272,272,268,267,303,216,390,346,576,454,622,412,398,385,430,366,364,350,495,340,612,580,29976,29977,29992,29993,29993,29994,29994,29995]} 1. e4 c5 2. Nf3 d6 3. d4 cxd4 4. Qxd4 Nf6 5. Be2 Nc6 6. Qe3 {B53: Sicilian: 2...d6: Lines with Qxd4} g6 7. O-O Bg7 8. Rd1 {The position is equal.} O-O 9. Nc3 $146 ({Predecessor:} 9. h3 Be6 10. Nc3 Nd7 11. Nd5 Nc5 12. c3 Rc8 {1-0 (44) Harikrishna,P (2725)-Sarana,A (2618) St Petersburg 2018}) 9... Ng4 10. Qg5 Bf6 11. Qf4 Qb6 12. Qg3 Bxc3 13. bxc3 Qc5 14. Rb1 Qxc3 15. Bb2 Qxc2 16. Bd3 Qa4 17. Qh4 f6 18. Rdc1 Be6 19. e5 {Hoping for exf6.} dxe5 (19... Qxa2 $17 {[%cal Rg4e5]} 20. exf6 exf6) 20. h3 $40 {[%mdl 128] White is up to no good.} Rad8 (20... Bxa2 21. Ra1 $16) (20... e4 $5 21. Bc2 $8 Qxa2 22. Bxe4 Nge5 23. Bxe5 Nxe5 $11) 21. Bc2 Qf4 {Strongly threatening ...e4.} 22. hxg4 Nb4 $2 {[%mdl 8192] [#]} (22... Qxg4 $11 {and Black has nothing to worry.} 23. Qxg4 Bxg4) 23. Bxe5 $1 $18 {[%mdl 512]} fxe5 24. Qxe7 $2 (24. Ng5 $18 {[%csl Gg5][%cal Rh4h7] and the rest is easy.} Qxf2+ 25. Qxf2 Rxf2 26. Kxf2 Nxc2 27. Nxe6 Rd2+ 28. Kg3 Rd3+ 29. Kh2) 24... Bxa2 $16 25. Qxb4 Bxb1 26. Qxb1 (26. Rxb1 $6 Qxb4 27. Rxb4 b6 $11) 26... Rc8 (26... Qxg4 $16 {was worth a try.} 27. Qxb7 Rd7) 27. Re1 (27. Qb2 $18) 27... Rfe8 (27... Qxg4 $16 28. Bb3+ (28. Nxe5 Qf4 $16) 28... Kg7) 28. Re4 $18 {[%mdl 1024] White has strong compensation.} Qf6 29. Qxb7 {Black must now prevent Nxe5!} Kh8 (29... Qc6 {was called for.} 30. Bb3+ Kh8 31. Qxc6 Rxc6 32. Nxe5 (32. Rxe5 Rxe5 33. Nxe5 Rc3 $14) 32... Kg7) 30. Ba4 Rc1+ $2 (30... Rf8 31. Qxa7 Rc1+ 32. Kh2 Qd6) 31. Kh2 Re7 32. Qb8+ Kg7 33. Bb3 Qf8 34. Qd6 Qf6 35. Qd5 Rc8 36. g5 Qc6 37. Rxe5 (37. Qd3 $142) 37... Qxd5 38. Rxd5 ({Stronger than} 38. Rxe7+ Kf8 $11) 38... Rb8 39. Bc4 h6 (39... Rb4 $16 {keeps fighting.}) 40. gxh6+ Kxh6 41. Bd3 Rb2 42. Ne5 Rd2 43. Nxg6 Rb7 $2 (43... Ree2 44. Nf4 (44. Bxe2 Rxd5 45. Bf3 Rc5 $14) 44... Rxf2) 44. Nf4 Rbb2 $2 (44... Kg7 45. Rf5 Re7) 45. Rd7 Kg5 46. Kg3 Kf6 47. f3 a5 48. Ra7 Ra2 49. Bc4 Ra1 (49... Ra3 {is a better defense.} 50. Bb5 Ke5 51. Re7+ Kd4 52. Re4+ Kc3 53. Ne2+ Kb2) 50. Ra6+ Ke5 $2 (50... Ke7 51. Nd5+ Ke8 52. Bb5+ Kf8) 51. Re6+ Kf5 52. Ng6 {White mates.} Ra3 53. Ne7+ Kg5 54. Rg6+ Kh5 55. Bf7 {Accuracy: White = 59%, Black = 38%.} 1-0

[Event "SVK ECo-C Extraliga 2018-19"]
[Site "Slovakia"]
[Date "2019.03.10"]
[Round "8.3"]
[White "Petenyi, Tamas"]
[Black "Antoniewski, Rafal"]
[Result "1/2-1/2"]
[WhiteElo "2423"]
[BlackElo "2517"]
[Annotator "TA"]
[PlyCount "30"]
[EventDate "2018.11.10"]
[EventType "team-tourn"]
[EventCountry "SVK"]
[SourceTitle "playchess.com"]
[Source "ChessBase"]
[SourceQuality "1"]
[WhiteTeam "Streda"]
[BlackTeam "Dunajov"]

{[%evp 14,30,28,-6,0,0,5,0,0,0,0,0,0,0,0,8,30,46,19]} 1. e4 c5 2. Nf3 Nc6 3. Bb5 e6 4. O-O Nge7 5. c3 a6 6. Ba4 b5 {[%cal Bb7b5,Bb5b4][%mdl 32]} 7. Bc2 Bb7 8. Qe2 g6 {B30: Sicilian: 2...Nc6 3 Bb5, lines without ...g6} (8... d5 9. e5 d4 10. Be4 Nd5 11. d3 dxc3 12. bxc3 b4 13. c4 Nb6 14. a3 a5 15. a4 Be7 16. Nbd2 Qc7 {0-1 (44) Fedorchuk,S (2648)-Moiseenko,A (2667) Riadh 2017}) 9. a4 b4 $1 10. d4 cxd4 {The position is equal.} 11. cxd4 Bg7 12. Be3 O-O 13. Nbd2 f5 {[#] White must now prevent ...f4.} 14. Nb3 {[#]} fxe4 $146 ({Predecessor:} 14... Na5 15. Nc5 fxe4 16. Bxe4 Bxe4 17. Nxe4 {½-½ (42) Firsching,G (2309)-Koegler,K (2539) GER email 2015}) 15. Bxe4 Na5 1/2-1/2

[Event "SVK ECo-C Extraliga 2018-19"]
[Site "Slovakia"]
[Date "2019.03.10"]
[Round "8.3"]
[White "Mrva, Martin"]
[Black "Jablonicky, Martin"]
[Result "1/2-1/2"]
[WhiteElo "2420"]
[BlackElo "2318"]
[Annotator "TA"]
[PlyCount "85"]
[EventDate "2018.11.10"]
[EventType "team-tourn"]
[EventCountry "SVK"]
[SourceTitle "playchess.com"]
[Source "ChessBase"]
[SourceQuality "1"]
[WhiteTeam "Snina"]
[BlackTeam "Osuske"]

{[%evp 25,85,69,67,83,70,14,16,-9,-4,-11,-11,-5,-2,-14,-8,-22,-20,-16,0,-1,-4,-10,-13,-23,-31,-38,-29,-32,-36,-39,-31,-34,-24,-47,-46,-45,0,-12,-11,-29,-35,-47,-52,-50,-56,-64,-64,-64,-64,-64,-64,-70,-64,-64,-35,-35,-35,-35,-35,-43,-43,-43]} 1. e4 c5 2. Nf3 d6 3. d4 cxd4 4. Nxd4 Nf6 5. Nc3 Nc6 6. Be2 g6 7. Be3 Bg7 8. Qd2 O-O 9. O-O-O Nxd4 10. Bxd4 Be6 11. h4 Qa5 12. Qg5 {B72: Sicilian Dragon: 6 Be3, lines with h3+Bc4 and sidelines} Qxg5+ 13. hxg5 Nd7 {LiveBook: 9 Games} 14. f4 {White is slightly better.} (14. Nd5 Bxd5 15. exd5 Bxd4 16. Rxd4 Kg7 17. Re4 Rfe8 18. Bb5 Rad8 19. Rhe1 a6 {1-0 (42) Navara,D (2736)-Ristic,N (2357) Skopje 2018}) 14... f6 15. Nd5 $146 ({White should try} 15. Nb5 $14) ({Predecessor:} 15. gxf6 Nxf6 16. g3 Rfc8 17. Bf3 Ne8 18. Bxg7 Kxg7 19. e5 Rc7 {½-½ (27) Liu,G (2232)-Fang,Y (2300) Beijing 2012}) 15... Bxd5 $1 $11 16. exd5 fxg5 17. Bg4 {[#] Black must now prevent Be6+.} Nc5 18. Bxc5 dxc5 19. Be6+ Kh8 20. f5 gxf5 21. Rh5 Rf6 (21... h6 {seems wilder.} 22. Rdh1 f4 23. R1h3 Rf6 24. Rxg5 Raf8) 22. Rdh1 {[%csl Gh1][%cal Rh5h7] [#]} h6 23. Rxg5 Raf8 24. Kd2 f4 25. Ke2 f3+ 26. gxf3 Rxf3 27. Rg2 R3f4 28. c3 b5 29. Rhh2 a5 30. Rg6 {And now Rhg2 would win.} R8f6 (30... Kh7 {keeps more tension.} 31. Rhg2 Rf2+ 32. Kd3 R8f3+ 33. Ke4 Rf4+) 31. Rxf6 (31. Rg3 {is interesting.} b4 32. Rhg2 Bf8 33. a3 bxc3 34. bxc3 Kh7 35. Bd7) 31... Rxf6 {[%mdl 4096] Endgame KRB-KRB} 32. Rh4 Rg6 {Strongly threatening ...Rg2+.} 33. Kf2 {Black is slightly better.} Be5 {Hoping for ...Bg3+.} 34. Re4 Rg5 35. b4 axb4 36. cxb4 Bd6 37. bxc5 Bxc5+ 38. Kf3 Bd6 39. Rg4 Rxg4 40. Kxg4 Kg7 41. Bd7 b4 42. Ba4 Kg6 43. Bc2+ {Precision: White = 50%, Black = 79%.} 1/2-1/2

[Event "SVK ECo-C Extraliga 2018-19"]
[Site "Slovakia"]
[Date "2019.03.10"]
[Round "8.3"]
[White "Cibickova, Zuzana"]
[Black "Jurcik, Marian"]
[Result "0-1"]
[WhiteElo "2243"]
[BlackElo "2462"]
[Annotator "TA"]
[PlyCount "151"]
[EventDate "2018.11.10"]
[EventType "team-tourn"]
[EventCountry "SVK"]
[SourceTitle "playchess.com"]
[Source "ChessBase"]
[SourceQuality "1"]
[WhiteTeam "Komarno"]
[BlackTeam "Zilina"]

{[%evp 21,151,22,22,25,25,25,39,11,22,0,8,0,0,-8,0,-103,-87,-87,-90,-86,-79,-86,-73,-115,-125,-318,-315,-361,-181,-254,-260,-308,-66,-66,-65,-66,-79,-102,-112,-105,-31,-59,-24,-25,-30,-27,0,0,19,31,26,22,52,46,45,10,14,16,30,0,0,0,0,0,0,0,8,0,0,0,0,0,0,0,0,0,0,0,0,0,0,0,0,-10,-10,-10,-10,-10,-15,-17,-17,-66,-66,-66,-66,-1335,-1341,-1222,-1247,-1073,-924,-6034,-5011,-29965,-29966,-29966,-29965,-29966,-29966,-29968,-29969,-29970,-29970,-29971,-29972,-29971,-29972,-29973,-29974,-29974,-29975,-29974,-29975,-29976,-29977,-29976,-29977,-29979,-29980,-29982,-29983,-29982]} 1. e4 c5 2. Nf3 Nc6 3. d4 cxd4 4. Nxd4 e6 5. Nc3 Qc7 6. Be3 a6 7. Qf3 {B48: Sicilian: Taimanov: 5 Nc3 Qc7 6 Be3 a6 without Be2} Bd6 8. O-O-O Be5 9. g3 Nge7 10. Qe2 O-O 11. f4 Bxd4 {LiveBook: 12 Games} 12. Bxd4 Nxd4 13. Rxd4 Nc6 $146 ({Predecessor:} 13... b5 14. Bg2 Nc6 {1-0 (29) Laznicka,V (2665)-Stachowiak,K (2440) Czech Republic 2015}) 14. Rd2 d6 15. Bg2 b5 16. Rhd1 b4 17. Na4 e5 18. fxe5 (18. Rxd6 $11 Nd4 19. R1xd4 exd4 20. e5 (20. Rxd4 Bd7 $15)) 18... dxe5 19. Qc4 {White wants to play Rd6.} Bg4 20. Rf1 Rac8 {aiming for ...Qa5.} 21. b3 a5 22. Kb2 Qb8 $1 23. Rdf2 $2 (23. Qc5 $17 {keeps fighting.}) 23... Rc7 $1 $19 24. Rc1 Rd8 (24... Nd4 $142 25. Qa6 Ra7) 25. Qc5 (25. Qf1 $142) 25... Nd4 26. Qb6 Qc8 $2 ({Black should play} 26... Rb7 $1 $19 {[%cal Rb7b6]} 27. Qa6 Rb5) 27. Bf1 $1 $15 Bd7 28. Ba6 Qb8 29. Qxb8 Rxb8 30. c3 {[#]} bxc3+ ({Better is} 30... Ne6 $1 $17 {And now ...Bxa4 would win.} 31. Rfc2 Bxa4 32. bxa4 Rxc3 33. Rxc3 bxc3+ 34. Kxc3 Nc5) 31. Nxc3 Be6 {[%cal Rd4b3] White must now prevent ...Nxb3!} 32. Na4 Rxc1 33. Kxc1 Ra8 34. Nc5 Ra7 {Threatens to win with ...Rc7.} 35. Nxe6 Nxe6 $11 {[%mdl 4096] Endgame KRB-KRN} 36. Bc4 Nc5 37. Rd2 {[%cal Rd2d8]} g6 38. Bd5 Kg7 39. a3 f5 {[%cal Bf7f5,Bf5e4,Be4e3][%mdl 32]} 40. b4 axb4 41. axb4 Nxe4 42. Bxe4 fxe4 {KR-KR} 43. Re2 Rc7+ 44. Kb2 Rc4 45. Kb3 Rd4 46. Kc3 Kf6 47. Rd2 {[#]} e3 $1 {[%cal Re3d2][%mdl 512]} 48. Re2 Re4 49. b5 {[%cal Bb4b5,Bb5b6][%mdl 32] Threatening b6.} Ke6 50. b6 Kd6 51. b7 Kc7 52. Kd3 Rb4 53. Kxe3 Kd6 54. Ra2 Rxb7 55. Ra3 Ke6 56. h3 h5 57. Ra6+ Kf5 58. g4+ $2 {[%mdl 8192]} (58. Ra4 $15) 58... hxg4 $19 59. hxg4+ Kg5 60. Re6 {[#]} Rf7 $1 {[%cal Rf7f6]} 61. Ke2 Rf6 62. Rxe5+ Kxg4 {Black mates.} 63. Rd5 Rf5 64. Rd1 g5 {[%cal Bg6g5,Bg5g4,Bg4g3,Bg3g2][%mdl 32]} 65. Rd3 Kh4 66. Rd1 Kh3 67. Rh1+ Kg2 68. Rh5 Rf2+ 69. Ke3 g4 70. Rg5 g3 71. Rg8 Rf7 72. Rg6 Kh2 73. Rh6+ Kg1 74. Rg6 g2 75. Rg5 Kf1 76. Kd4 {Precision: White = 37%, Black = 63%.} 0-1

[Event "SVK ECo-C Extraliga 2018-19"]
[Site "Slovakia"]
[Date "2019.03.10"]
[Round "8.4"]
[White "Bulski, Krzysztof"]
[Black "Nemeth, Miklos"]
[Result "1/2-1/2"]
[WhiteElo "2541"]
[BlackElo "2491"]
[Annotator "TA"]
[PlyCount "33"]
[EventDate "2018.11.10"]
[EventType "team-tourn"]
[EventCountry "SVK"]
[SourceTitle "playchess.com"]
[Source "ChessBase"]
[SourceQuality "1"]
[WhiteTeam "Dunajov"]
[BlackTeam "Streda"]

{[%evp 23,33,2,19,0,0,16,14,0,14,0,22,14]} 1. e4 e5 2. Nf3 Nc6 3. Bb5 a6 4. Ba4 Nf6 5. O-O Be7 6. d3 d6 7. c3 O-O 8. Re1 b5 9. Bb3 Na5 10. Bc2 c5 11. Nbd2 {[%cal Bb1d2,Bd2f1,Bf1e3][%mdl 32]} Re8 12. Nf1 h6 {The position is equal.} 13. a4 {White wants to play axb5. C90: Closed Ruy Lopez with 7...d6: Early deviations} (13. Ng3 Bf8 14. h3 g6 15. d4 exd4 16. cxd4 Bg7 17. b3 Nc6 18. Be3 cxd4 19. Nxd4 Bb7 20. Qd2 Qa5 21. Nxc6 Qxd2 22. Bxd2 Bxc6 {½-½ (41) Predke,A (2579)-Jakovenko,D (2709) Novi Sad 2016}) 13... b4 14. cxb4 cxb4 15. d4 Qc7 $146 ({Predecessor:} 15... exd4 16. Nxd4 Bf8 17. Ng3 Nc4 18. Bb3 Ne5 19. a5 Bb7 20. Ra4 d5 {½-½ (69) Crosa Coll,M (2403)-Santos,M (2275) Sao Paulo 2003}) 16. Ne3 Bf8 17. d5 1/2-1/2

[Event "SVK ECo-C Extraliga 2018-19"]
[Site "Slovakia"]
[Date "2019.03.10"]
[Round "8.4"]
[White "Piesik, Piotr"]
[Black "Bures, Jaroslav"]
[Result "1/2-1/2"]
[WhiteElo "2420"]
[BlackElo "2395"]
[Annotator "TA"]
[PlyCount "221"]
[EventDate "2018.11.10"]
[EventType "team-tourn"]
[EventCountry "SVK"]
[SourceTitle "playchess.com"]
[Source "ChessBase"]
[SourceQuality "1"]
[WhiteTeam "Dubnica"]
[BlackTeam "Slovan"]

{[%evp 17,221,21,13,25,20,0,0,0,0,0,26,0,5,0,7,7,6,-13,0,-47,-45,-188,-195,-229,69,-624,-124,-96,-90,-89,-102,-96,-80,-108,-50,-72,-73,-69,-21,-21,-21,-21,-22,-20,0,-35,-35,-59,-44,-44,-44,-44,-8,-44,-44,-44,-44,-72,-72,-72,-44,-44,-44,-72,-72,-72,-44,-72,-72,-72,-72,-72,-72,-72,-72,-72,-72,-72,-72,-72,-72,-72,-72,-72,-72,-72,-72,-72,-72,-72,0,-72,-72,-72,-72,-72,-72,-72,-72,-72,-72,-72,-72,-72,-72,-72,-72,-72,-72,-72,-56,-56,-56,-56,-56,-56,-56,-56,-56,-56,-56,-56,-56,-56,-56,-56,-56,-56,-56,-56,-56,-56,-56,-56,-56,-56,-52,-56,-56,-56,-56,-56,0,-8,0,-56,-56,-56,0,0,0,0,0,0,0,0,0,0,0,0,0,0,0,0,0,0,0,0,0,0,0,0,0,0,0,0,0,-7,-10,-14,-29,-29,-29,-43,0,-43,0,0,0,-6,-6,-15,-15,-15,-15,-15,-15,-15,-15,-15,-15,-22,0,0,0,0]} 1. Nf3 d5 2. g3 Bg4 3. Bg2 Nd7 4. c4 e6 5. cxd5 exd5 6. O-O Ngf6 7. d3 Bd6 8. Nc3 c6 9. Qc2 O-O 10. e4 {A11: English Opening: 1...c6} Re8 11. h3 Bxf3 12. Bxf3 {[%cal Re4d5]} dxe4 13. dxe4 Bb4 14. Bf4 {[#]} Bxc3 $146 ({Predecessor:} 14... Ne5 15. Bg2 Qd3 16. Qb3 Bxc3 17. Bxe5 Rxe5 18. Qxb7 {½-½ (24) Lie,K (2518)-Granda Zuniga,J (2646) Norway 2015}) 15. bxc3 Ne5 $36 {[%mdl 2048] Black fights for an advantage.} 16. Bg2 Qd3 17. Qb3 Nf3+ 18. Kh1 (18. Bxf3 $5 Qxf3 19. Qxb7 $11) 18... Nxe4 {...g5 is the strong threat.} 19. Rad1 (19. Qd1 $15 Ned2 20. Bxf3 Qxf3+ 21. Qxf3 Nxf3 22. Rfd1) 19... Qe2 $1 $19 20. Rd7 Rf8 $2 ({Better is} 20... Re6 $1 $19 21. Qd1 (21. Qxb7 $2 Rf8 $19) 21... Nxf2+ 22. Rxf2 Qxf2 23. Rd8+ Re8 24. Rxa8 Rxa8 25. Qxf3 Qxa2) 21. Be3 $2 {[%mdl 8192] [#]} (21. Qd1 $14 Nxf2+ 22. Rxf2 $1 {[%mdl 512]} Qxf2 23. Qxf3 Qxa2 24. Rxb7) 21... Ne5 $2 (21... Qxe3 $1 $19 {[%mdl 512] has better winning chances.} 22. Qc2 (22. fxe3 Nxg3#) 22... Rad8) 22. Rxb7 $17 {[#]} Nxg3+ $1 {[%mdl 512]} 23. fxg3 Qxe3 24. c4 Qc5 25. Re1 Rad8 (25... f6 $17 26. Rd1 a5) 26. Qe3 $1 $15 {[%cal Re3c5]} Qxe3 27. Rxe3 Rd1+ 28. Kh2 Nxc4 29. Re2 $1 a5 30. Bxc6 Rfd8 31. a4 g6 32. Bb5 Nd6 33. Ra7 Nxb5 34. axb5 R8d2 35. Rxd2 (35. Rg2 {feels hotter.} Rd5 36. b6 Rb5 37. Rf2 Rxb6 38. Raxf7 Rbb1 39. Rf8+) 35... Rxd2+ $11 {[%mdl 4096] Endgame KR-KR} 36. Kg1 Ra2 37. h4 Kg7 38. b6 a4 39. b7 Rb2 40. Rxa4 Rxb7 41. Kg2 h6 42. Ra5 Rb2+ 43. Kf3 h5 44. Ra6 Rb5 45. Rc6 Rf5+ 46. Kg2 Rf6 47. Rc5 Rd6 48. Kf3 Kf6 49. Ke4 Ra6 50. Rb5 Ra4+ 51. Kf3 Rd4 52. Ke3 Rg4 53. Kf3 Rd4 54. Ke3 $1 {[%cal Re3d4]} Rc4 55. Kf3 Ke6 56. Rb7 Rc5 57. Ra7 Rf5+ 58. Ke4 Rf1 59. Ra6+ Ke7 60. Rb6 Kf8 61. Ra6 Kg7 62. Rb6 Kh6 63. Ra6 f6 64. Ra8 Re1+ 65. Kf3 Re7 66. Ra6 Kg7 67. Ra5 Kf7 68. Ra6 Rd7 69. Kf4 Ke7 70. Ra4 Rd5 71. Kf3 Ke6 72. Re4+ Re5 {aiming for ...Rxe4.} 73. Ra4 Re1 74. Kf2 Rd1 75. Ke2 Rc1 76. Kf3 Kd5 77. Ra8 Rc3+ 78. Kf4 Rc4+ 79. Kf3 Rd4 (79... Rc5 $15) 80. Re8 Kd6 81. Re3 ({White should try} 81. Rg8 $1 $11) 81... Rc4 82. Re8 Kd7 ({Black should play} 82... Rc5 $15) 83. Rg8 $1 Rg4 84. Ra8 f5 85. Ra7+ Ke6 86. Ra6+ Kf7 87. Ra7+ Kf6 88. Ra6+ Kg7 89. Ra7+ Kh6 90. Ra6 Re4 91. Rb6 Re7 92. Kf4 Re1 93. Kf3 Kg7 94. Ra6 Re4 95. Rb6 Kf7 96. Ra6 Re6 97. Ra3 Kf6 98. Rb3 Rd6 99. Re3 Rd4 100. Ra3 Rd6 101. Rb3 g5 102. hxg5+ {The position is equal.} Kxg5 103. Ra3 Rd4 104. Rb3 h4 105. gxh4+ Rxh4 {( -> ...Rh3+)} 106. Rb8 Rh3+ 107. Kg2 Ra3 108. Rb4 Re3 109. Kf2 Re4 110. Rxe4 fxe4 111. Ke3 {Accuracy: White = 62%, Black = 56%.} 1/2-1/2

[Event "SVK ECo-C Extraliga 2018-19"]
[Site "Slovakia"]
[Date "2019.03.10"]
[Round "8.4"]
[White "Rojicek, Vojtech"]
[Black "Horvath, Csaba"]
[Result "1/2-1/2"]
[WhiteElo "2389"]
[BlackElo "2510"]
[Annotator "TA"]
[PlyCount "36"]
[EventDate "2018.11.10"]
[EventType "team-tourn"]
[EventCountry "SVK"]
[SourceTitle "playchess.com"]
[Source "ChessBase"]
[SourceQuality "1"]
[WhiteTeam "Liptovska"]
[BlackTeam "Podhajska"]

{[%evp 19,27,16,33,0,8,-6,0,0,-5,-9]} 1. d4 Nf6 2. Nf3 d5 3. c4 dxc4 4. e3 e6 5. Bxc4 a6 6. O-O b5 7. Be2 Bb7 8. b3 Nbd7 9. Bb2 Be7 10. Nbd2 c5 11. Rc1 {D27: Queen's Gambit Accepted: Classical main line: 7 e4!? and 7 a4} Rc8 {The position is equal.} (11... O-O 12. dxc5 Nxc5 13. Bxf6 gxf6 14. Nd4 Rc8 15. Bf3 Qd7 16. Bxb7 Qxb7 17. Qf3 Qxf3 18. N2xf3 Ne4 {0-1 (40) Sargsyan,A (2339)-Harikrishna,P (2730) chess.com INT 2019}) 12. Rc2 O-O 13. Qa1 cxd4 14. Rxc8 {Predecessor:} Qxc8 $146 15. Nxd4 Qb8 16. Rc1 Bb4 17. Nf1 Rc8 18. a3 Bd6 {½-½ (34) Gutierrez,E (1840)-Da Silva,M (2019) Manaus 2015} 1/2-1/2

[Event "SVK ECo-C Extraliga 2018-19"]
[Site "Slovakia"]
[Date "2019.03.10"]
[Round "8.4"]
[White "Zvarik, Martin"]
[Black "Molnar, Erno"]
[Result "1-0"]
[WhiteElo "2310"]
[BlackElo "2252"]
[Annotator "TA"]
[PlyCount "51"]
[EventDate "2018.11.10"]
[EventType "team-tourn"]
[EventCountry "SVK"]
[SourceTitle "playchess.com"]
[Source "ChessBase"]
[SourceQuality "1"]
[WhiteTeam "Zilina"]
[BlackTeam "Komarno"]

{[%evp 12,51,11,19,27,16,16,9,23,-6,18,16,10,-6,0,-8,183,163,204,181,343,342,578,597,600,601,579,536,529,536,686,694,803,546,623,400,735,735,822,822,773,709]} 1. e4 e5 2. Nf3 Nc6 3. Bb5 a6 4. Ba4 Nf6 5. d3 b5 6. Bb3 Bc5 7. Nc3 h6 {C77: Ruy Lopez: 3...a6 4 Ba4 Nf6, unusual lines} 8. Nd5 O-O (8... d6 9. c3 Rb8 10. O-O O-O 11. d4 Ba7 12. Be3 Bg4 13. dxe5 Nxd5 14. Qxd5 Bxe3 15. fxe3 {0-1 (48) Salem,A (2660)-Mamedyarov,S (2817) St Petersburg 2018}) 9. c3 d6 {The position is equal.} 10. Nxf6+ Qxf6 11. Bd5 Bd7 12. Rg1 h5 $1 13. h3 g6 $2 {[#]} (13... Rae8 $11) 14. g4 $18 {Hoping for gxh5.} hxg4 15. hxg4 Qh8 $2 (15... Na7 16. Bg5 (16. Bxa8 Rxa8 17. Ke2 Nc6 $18) 16... Qg7 17. Bxa8 Rxa8) 16. Ke2 Rfe8 $146 (16... Qf6 {was called for.} 17. b4 Ba7) ({Predecessor:} 16... Qh3 17. Rg3 Qh7 18. Qf1 Qg7 19. Qh1 Rfe8 20. Bg5 Rab8 21. Qh4 {1-0 (21) Syrov,A (2252)-Winkel,P (2102) Willingen 2018}) 17. Rh1 Qg7 18. Bh6 Qf6 19. Bg5 Qg7 20. Qg1 Rab8 {If only Black now had time for ...b4....} 21. Qg3 Ne7 22. Bb3 {[#] Threatens to win with Qh4.} d5 23. exd5 Rb6 (23... Nc8 $142 24. Nd2 e4 25. dxe4 Nd6) 24. Nd2 {White is clearly winning.} e4 25. Nxe4 Nc8 26. Kd2 {Accuracy: White = 66%, Black = 30%.} 1-0